000
00321nam a22001217a 4500
008
260601b |||||||| |||| 00| 0 eng d
082
_a
001842
100
_a
Nagasampige, A V
245
_a
Sarvamulasabda Nighantuh Vol No 01
260
_a
Bangalore
_b
Poornaprajna Samshodhana Mandiram
_c
2002
300
_a
558p
942
_2
ddc
999
_c
1510
_d
1510